|
|
|
|
| LEADER |
01021nam a2200241 a 4500 |
| 001 |
1636969 |
| 008 |
100309s1996 maua b 001 0 eng d |
| 010 |
|
|
|a \\\96046064
|
| 020 |
|
|
|a 0890068844 (alk. paper)
|
| 040 |
|
|
|a DLC
|c DLC
|d DLC
|d BD-DhAAL
|
| 082 |
0 |
0 |
|a 006.6
|2 20
|
| 100 |
1 |
|
|a Lu, Guojun,
|d 1963-
|
| 245 |
1 |
0 |
|a Communication and computing for distributed multimedia systems /
|c Guojun Lu.
|
| 260 |
|
|
|a Boston :
|b Artech House,
|c c1996.
|
| 300 |
|
|
|a xiv, 400 p. :
|b ill. ;
|c 24 cm.
|
| 504 |
|
|
|a Includes bibliographical references and index.
|
| 541 |
1 |
|
|e 00019863
|
| 650 |
|
0 |
|a Multimedia systems.
|
| 650 |
|
0 |
|a Computer networks.
|
| 852 |
4 |
|
|a Ayesha Abed Library
|j General Shelf
|
| 999 |
|
|
|c 7738
|d 7738
|
| 952 |
|
|
|0 0
|1 0
|2 ddc
|4 0
|6 006_600000000000000_LUG_1996
|7 0
|9 8520
|a BRACUL
|b BRACUL
|c GEN
|d 2010-03-09
|l 0
|o 006.6 LUG
|p 3010019863
|r 2010-03-09
|t 1
|w 2010-03-09
|y BK
|
| 952 |
|
|
|0 0
|1 0
|2 ddc
|4 0
|6 006_600000000000000_LUG_1996
|7 0
|9 8521
|a BRACUL
|b BRACUL
|c GEN
|d 2010-03-09
|l 1
|o 006.6 LUG
|p 3010019864
|r 2010-04-29
|s 2010-04-06
|t 2
|w 2010-03-09
|y BK
|